000
00306nam a22001337a 4500
008
181121b xxu||||| |||| 00| 0 eng d
020
_a
9780321813770
041
_a
eng
080
_2
3 TH
_a
541
100
_a
12
101
_a
KIM
245
_a
Chemistr A Molecular Approach
_c
Tro.N.J
942
_2
udc
_c
BK
999
_c
52246
_d
52246